| 000 | 00851nam a22001817a 4500 | ||
|---|---|---|---|
| 999 |
_c57724 _d57724 |
||
| 003 | Ge_BSU | ||
| 005 | 20201015132143.0 | ||
| 008 | 201015s2020 ge ||||| |||| 00| 0 geo d | ||
| 041 | _ageo | ||
| 080 | _a342.98(479.22)(094.5) ს-32 | ||
| 245 |
_aსაქართველოს კანონი საჯარო სამსახურის შესახებ / _bმიღებულია საქართველოს პარლამენტის მიერ 2015 წლის 27 ოქტომბერს. |
||
| 264 |
_aთბილისი : _bბონა კაუზა, _c2020. |
||
| 300 |
_a83 გვ. _b20 სმ. |
||
| 490 | _aიურისტის ბიბლიოთეკა | ||
| 653 | _aსამართალი | ||
| 653 | _aსაქართველოს კანონი | ||
| 942 |
_2udc _cBK |
||